[Event "Oberliga Ost-B 2324"]
[Site "Germany"]
[Date "2023.10.22"]
[Round "1.6"]
[White "Flach, Erich"]
[Black "Engel, Berthold"]
[Result "1/2-1/2"]
[WhiteElo "2070"]
[BlackElo "2074"]
[PlyCount "52"]
[EventDate "2023.10.22"]
[EventType "team-tourn"]
[EventRounds "11"]
[EventCountry "GER"]
[SourceTitle "EXT 2025"]
[Source "ChessBase"]
[SourceDate "2024.10.14"]
[SourceVersion "1"]
[SourceVersionDate "2024.10.14"]
[SourceQuality "1"]
[WhiteTeam "Heusenstamm"]
[BlackTeam "Hofheim II"]
[WhiteTeamCountry "GER"]
[BlackTeamCountry "GER"]

1. c4 e6 2. Nc3 Bb4 3. Qc2 Nf6 4. g3 0-0 5. Bg2 c6 6. Nf3 d5 7. 0-0 Nbd7 8. b3 Qe7 9. d4 h6 10. Bb2 Ba3 11. Rfe1 Bxb2 12. Qxb2 b6 13. e4 dxe4 14. Nxe4 Nxe4 15. Rxe4 Bb7 16. Re2 Rfd8 17. Rd1 Qf6 18. Nd2 Rab8 19. Ne4 Qe7 20. Nc3 Qf6 21. Qa3 c5 22. Ne4 Bxe4 23. Rxe4 a5 24. Qc1 cxd4 25. Rf4 Qe7 26. Rfxd4 Nc5 1/2-1/2

[Event "Oberliga Ost-B 2223"]
[Site "Germany"]
[Date "2022.10.22"]
[Round "2.5"]
[White "Engel, Berthold"]
[Black "Kersten, Uwe"]
[Result "1/2-1/2"]
[WhiteElo "2119"]
[BlackElo "2239"]
[PlyCount "36"]
[EventDate "2022.09.18"]
[EventType "team-tourn"]
[EventRounds "11"]
[EventCountry "GER"]
[SourceTitle "EXT 2025"]
[Source "ChessBase"]
[SourceDate "2024.10.14"]
[SourceVersion "1"]
[SourceVersionDate "2024.10.14"]
[SourceQuality "1"]
[WhiteTeam "Hofheim II"]
[BlackTeam "Bad Emstal/Wolfhagen"]
[WhiteTeamCountry "GER"]
[BlackTeamCountry "GER"]

1. e4 e6 2. d4 d5 3. exd5 exd5 4. Nf3 Bd6 5. Be2 Nf6 6. c3 h6 7. Qc2 0-0 8. 0-0 Re8 9. Bd3 Nc6 10. Nbd2 Bg4 11. Re1 Rxe1+ 12. Nxe1 Qe7 13. Nef3 Re8 14. Nf1 Qd8 15. Ne3 Qc8 16. Nf5 Bxf5 17. Bxf5 Qd8 18. Be3 Ne7 1/2-1/2

[Event "Verbandsliga Nordbaden 1819"]
[Site "Baden"]
[Date "2019.01.13"]
[Round "4.3"]
[White "Hauke, Christian"]
[Black "Engel, Berthold"]
[Result "1/2-1/2"]
[WhiteElo "2174"]
[BlackElo "2158"]
[PlyCount "35"]
[EventDate "2018.10.14"]
[EventType "team-tourn"]
[EventRounds "9"]
[EventCountry "GER"]
[SourceTitle "EXT 2020"]
[Source "ChessBase"]
[SourceDate "2019.10.17"]
[SourceVersion "1"]
[SourceVersionDate "2019.10.17"]
[SourceQuality "1"]
[WhiteTeam "Bad Mergentheim II"]
[BlackTeam "Buchen II"]
[WhiteTeamCountry "GER"]
[BlackTeamCountry "GER"]

1. d4 e6 2. Bf4 Nf6 3. e3 b6 4. Nf3 Bb7 5. Bd3 d6 6. c4 Nbd7 7. Nc3 Nh5 8. Bg5 Be7 9. Bxe7 Qxe7 10. Qa4 0-0 11. Qc2 Nhf6 12. Ng5 h6 13. h4 Rfe8 14. 0-0-0 e5 15. Bh7+ Kf8 16. Be4 Nxe4 17. Ngxe4 Bxe4 18. Qxe4 1/2-1/2

[Event "Verbandsliga Nordbaden 1819"]
[Site "Baden"]
[Date "2018.12.02"]
[Round "3.2"]
[White "Engel, Berthold"]
[Black "Jaeschke, Benno"]
[Result "0-1"]
[WhiteElo "2158"]
[BlackElo "2121"]
[PlyCount "96"]
[EventDate "2018.10.14"]
[EventType "team-tourn"]
[EventRounds "9"]
[EventCountry "GER"]
[SourceTitle "EXT 2020"]
[Source "ChessBase"]
[SourceDate "2019.10.17"]
[SourceVersion "1"]
[SourceVersionDate "2019.10.17"]
[SourceQuality "1"]
[WhiteTeam "Buchen II"]
[BlackTeam "Sandhausen"]
[WhiteTeamCountry "GER"]
[BlackTeamCountry "GER"]

1. e4 e5 2. Nf3 Nc6 3. Bb5 a6 4. Bxc6 dxc6 5. d4 exd4 6. Qxd4 Qxd4 7. Nxd4 Bd7 8. 0-0 0-0-0 9. Re1 Ne7 10. Be3 c5 11. Nf3 b6 12. Nc3 h6 13. Ne5 Be8 14. Rad1 g6 15. Rxd8+ Kxd8 16. Nd1 Bg7 17. Nc4 Nc6 18. c3 Bd7 19. Nd2 Be6 20. a3 Ne5 21. Re2 Kd7 22. f4 Bg4 23. Nf3 Nxf3+ 24. gxf3 Bxf3 25. Rd2+ Kc6 26. Nf2 Re8 27. e5 f6 28. Nd3 Be4 29. exf6 Bxf6 30. Bf2 Bf5 31. Ne1 Re4 32. Bg3 Bg4 33. Nd3 Bf5 34. Ne5+ Kb5 35. b3 a5 36. Kf2 g5 37. c4+ Ka6 38. Nd3 Bd4+ 39. Kg2 Re3 40. Nf2 Rxb3 41. fxg5 hxg5 42. Bxc7 Rxa3 43. Re2 Ra4 44. Ne4 Rxc4 45. Nxg5 Bf6 46. Nf7 Rg4+ 47. Kf3 Rg7 48. Nd6 Bg4+ 0-1

[Event "Verbandsliga Nordbaden 1819"]
[Site "Baden"]
[Date "2018.10.14"]
[Round "1.2"]
[White "Engel, Berthold"]
[Black "Hamid, Emran"]
[Result "1-0"]
[WhiteElo "2158"]
[BlackElo "2172"]
[PlyCount "105"]
[EventDate "2018.10.14"]
[EventType "team-tourn"]
[EventRounds "9"]
[EventCountry "GER"]
[SourceTitle "EXT 2020"]
[Source "ChessBase"]
[SourceDate "2019.10.17"]
[SourceVersion "1"]
[SourceVersionDate "2019.10.17"]
[SourceQuality "1"]
[WhiteTeam "Buchen II"]
[BlackTeam "Eppingen II"]
[WhiteTeamCountry "GER"]
[BlackTeamCountry "GER"]

1. e4 c5 2. Nf3 Nc6 3. Bb5 g6 4. Bxc6 bxc6 5. 0-0 Bg7 6. e5 Nh6 7. b3 0-0 8. Bb2 f6 9. exf6 Bxf6 10. Bxf6 Rxf6 11. d4 cxd4 12. Qxd4 d6 13. Nbd2 Ba6 14. Rfe1 e5 15. Qc3 Qc7 16. Ne4 Rf4 17. Nfg5 Rxe4 18. Nxe4 Nf5 19. Qd2 Rf8 20. Ng3 Nd4 21. c3 Ne6 22. Qe3 c5 23. f3 Bb7 24. Rad1 Nf4 25. Ne4 Bxe4 26. fxe4 Qe7 27. Kh1 Kg7 28. Rf1 Rd8 29. Rd2 h5 30. Rfd1 h4 31. Qf3 Qe6 32. Rf1 g5 33. g3 hxg3 34. Qxg3 Qg6 35. Re1 g4 36. Qh4 Rd7 37. c4 Kf7 38. Re3 Ke6 39. Kg1 Nh3+ 40. Kg2 Re7 41. Kg3 Nf4 42. Qxg4+ Qxg4+ 43. Kxg4 Rg7+ 44. Kf3 Rh7 45. Re1 Ke7 46. Rh1 Rh3+ 47. Kg4 Re3 48. h4 Ne6 49. h5 Rxe4+ 50. Kg3 Ng5 51. h6 Nh7 52. Rg2 Rf4 53. Rh4 1-0

[Event "Wiesbaden op 30th"]
[Site "Wiesbaden"]
[Date "2018.08.24"]
[Round "2"]
[White "Engel, Berthold"]
[Black "Wolff, Michael"]
[Result "1-0"]
[WhiteElo "2146"]
[BlackElo "1962"]
[PlyCount "119"]
[EventDate "2018.08.23"]
[EventType "swiss"]
[EventRounds "7"]
[EventCountry "GER"]
[SourceTitle "CBM 186 Extra"]
[Source "ChessBase"]
[SourceDate "2018.08.24"]
[SourceVersion "1"]
[SourceVersionDate "2018.08.24"]
[SourceQuality "1"]

1. c4 Nf6 2. g3 e6 3. Bg2 Be7 4. Nf3 0-0 5. b3 d6 6. 0-0 Nbd7 7. Nc3 Rb8 8. Bb2 b6 9. Nd4 Bb7 10. Nc6 Bxc6 11. Bxc6 Ne5 12. Bg2 a6 13. d4 Ng6 14. Qd3 Qd7 15. a4 a5 16. e4 Rfe8 17. Rad1 Rbd8 18. d5 e5 19. Nb5 Ra8 20. Qe2 Qc8 21. Rd3 Nd7 22. Bh3 Qd8 23. Bxd7 Qxd7 24. Qh5 Bf8 25. Qf5 Rad8 26. Qxd7 Rxd7 27. Re3 Be7 28. f4 Bd8 29. f5 Nf8 30. h4 h5 31. Bc3 Nh7 32. b4 axb4 33. Bxb4 Nf6 34. Ra1 Ng4 35. Re2 g5 36. hxg5 Bxg5 37. a5 bxa5 38. Rxa5 Kg7 39. Bd2 Bxd2 40. Rxd2 Nf6 41. Re2 Rg8 42. Ra7 Kh6 43. Kf2 Rg4 44. Kf3 h4 45. gxh4 Rf4+ 46. Ke3 Rxe4+ 47. Kd3 Rxh4 48. Rxc7 Rxc7 49. Nxc7 Kg5 50. Nb5 Ne8 51. Rg2+ Rg4 52. Rh2 Rh4 53. Rxh4 Kxh4 54. c5 dxc5 55. Ke4 Kg5 56. Kxe5 c4 57. d6 Nxd6 58. Nxd6 f6+ 59. Ke6 c3 60. Ne4+ 1-0

[Event "Rhein Main op-A 21st"]
[Site "Bad Homburg"]
[Date "2018.06.02"]
[Round "6"]
[White "Dubiel, Jacek"]
[Black "Engel, Berthold"]
[Result "1-0"]
[WhiteElo "2434"]
[BlackElo "2137"]
[PlyCount "99"]
[EventDate "2018.05.30"]
[EventType "swiss"]
[EventRounds "7"]
[EventCountry "GER"]
[SourceTitle "EXT 2019"]
[Source "ChessBase"]
[SourceDate "2018.10.10"]
[SourceVersion "1"]
[SourceVersionDate "2018.10.10"]
[SourceQuality "1"]

1. e4 e6 2. d4 d5 3. Nd2 Nf6 4. e5 Ng8 5. c3 Qd7 6. Bd3 b6 7. Ne2 Ba6 8. Bb1 c5 9. 0-0 Nc6 10. Nf3 cxd4 11. cxd4 0-0-0 12. a3 Kb8 13. Re1 h6 14. h4 Rc8 15. Bd2 Nge7 16. Bc3 Rc7 17. Qd2 Nc8 18. Ng3 h5 19. Bc2 Be7 20. Nf1 Qd8 21. g3 Rg8 22. Bh7 Rh8 23. Bc2 Rg8 24. N1h2 g6 25. Kg2 Kb7 26. Rh1 Rh8 27. Nf1 Bxf1+ 28. Rhxf1 Bf8 29. Bd3 Bh6 30. Qe2 N8e7 31. b4 Nf5 32. a4 Nb8 33. Bd2 Bxd2 34. Qxd2 a6 35. Rfc1 Rxc1 36. Rxc1 Qd7 37. b5 Rc8 38. bxa6+ Nxa6 39. Bb5 Qd8 40. Rb1 Qc7 41. Qb2 Rb8 42. a5 Ka7 43. Bxa6 Kxa6 44. Qb5+ Kb7 45. axb6 Qc6 46. Qb2 Rc8 47. Ng5 Nh6 48. Qa3 Ra8 49. Qe7+ Kb8 50. b7 1-0

[Event "Rhein Main op-A 21st"]
[Site "Bad Homburg"]
[Date "2018.05.30"]
[Round "1"]
[White "Engel, Berthold"]
[Black "Zilch, Lothar"]
[Result "1-0"]
[WhiteElo "2137"]
[BlackElo "1940"]
[PlyCount "69"]
[EventDate "2018.05.30"]
[EventType "swiss"]
[EventRounds "7"]
[EventCountry "GER"]
[SourceTitle "EXT 2019"]
[Source "ChessBase"]
[SourceDate "2018.10.10"]
[SourceVersion "1"]
[SourceVersionDate "2018.10.10"]
[SourceQuality "1"]

1. c4 Nf6 2. g3 e6 3. Bg2 d5 4. Nf3 Be7 5. 0-0 0-0 6. b3 Ne4 7. a4 Bf6 8. Ra2 a5 9. Ba3 Re8 10. Qc2 Na6 11. d3 Ng5 12. Ne1 h6 13. Qd2 c6 14. Nc2 Qb6 15. b4 axb4 16. Bxb4 dxc4 17. dxc4 Nxb4 18. Qxb4 Qxb4 19. Nxb4 Rd8 20. a5 Rd4 21. Rc1 Be7 22. e3 Rd8 23. c5 f5 24. a6 Ne4 25. Bxe4 fxe4 26. Nd2 Bf8 27. Nxe4 bxa6 28. Nxc6 Rd5 29. Nd6 Bxd6 30. cxd6 Bd7 31. Ne7+ Kf7 32. Nxd5 exd5 33. Ra5 Ke6 34. Rcc5 Bb5 35. Rcxb5 1-0

[Event "Hofheim Spring op 6th"]
[Site "Hofheim"]
[Date "2018.04.06"]
[Round "6"]
[White "Engel, Berthold"]
[Black "Klundt, Klaus"]
[Result "0-1"]
[WhiteElo "2139"]
[BlackElo "2318"]
[PlyCount "148"]
[EventDate "2018.04.03"]
[EventType "swiss"]
[EventRounds "9"]
[EventCountry "GER"]
[SourceTitle "CBM 183 Extra"]
[Source "ChessBase"]
[SourceDate "2018.04.19"]
[SourceVersion "1"]
[SourceVersionDate "2018.04.19"]
[SourceQuality "1"]

1. e4 c5 2. Nf3 e6 3. c3 Nf6 4. Qc2 d5 5. Bb5+ Bd7 6. Bxd7+ Nbxd7 7. d3 c4 8. dxc4 dxe4 9. Nd4 e5 10. Nf5 Nc5 11. 0-0 Qd3 12. Na3 g6 13. Ng3 h5 14. Bg5 Qxc2 15. Nxc2 Nh7 16. Be3 f5 17. Bxc5 Bxc5 18. b4 Be7 19. Rad1 Nf6 20. Na3 Kf7 21. c5 Rhd8 22. Nc4 Ke6 23. Ne2 f4 24. a3 Nd5 25. Rc1 h4 26. Rfe1 Kf5 27. Rc2 Rac8 28. Nb2 f3 29. c4 Nf6 30. Nc3 Bf8 31. Nbd1 Bh6 32. Nb5 Ne8 33. h3 Bd2 34. Ne3+ Ke6 35. Rf1 a6 36. Nd6 Nxd6 37. Rxd2 Nf5 38. Nd5 Nd4 39. Rfd1 Rf8 40. Nc3 fxg2 41. Kxg2 Rf3 42. Nxe4 Rxa3 43. Rd3 Ra2 44. R1d2 Ra4 45. Rb2 Rc7 46. Re3 a5 47. bxa5 Rxa5 48. Rb6+ Nc6 49. Rf3 Ra4 50. Rf6+ Ke7 51. Rxg6 Rxc4 52. Rg4 Ke6 53. Rxh4 Kd5 54. f3 Rc2+ 55. Kg3 Nd4 56. Rh5 Rf7 57. Rf6 Rxf6 58. Nxf6+ Ke6 59. Ne4 Nf5+ 60. Rxf5 Kxf5 61. Nd6+ Ke6 62. Nxb7 Kd5 63. h4 Rb2 64. Nd8 Kxc5 65. Kg4 Kd5 66. h5 Rb4+ 67. Kg5 Rf4 68. h6 Rf8 69. Nb7 Rxf3 70. h7 Rh3 71. Kg6 e4 72. Nd8 e3 73. Nf7 Rxh7 74. Kxh7 e2 0-1

[Event "Hofheim Spring op 6th"]
[Site "Hofheim"]
[Date "2018.04.05"]
[Round "4"]
[White "Engel, Berthold"]
[Black "Guelsen, Taylan"]
[Result "0-1"]
[WhiteElo "2139"]
[BlackElo "2144"]
[PlyCount "116"]
[EventDate "2018.04.03"]
[EventType "swiss"]
[EventRounds "9"]
[EventCountry "GER"]
[SourceTitle "CBM 183 Extra"]
[Source "ChessBase"]
[SourceDate "2018.04.19"]
[SourceVersion "1"]
[SourceVersionDate "2018.04.19"]
[SourceQuality "1"]

1. e4 e5 2. Nf3 Nc6 3. Bb5 Nf6 4. d3 Bc5 5. Nbd2 d6 6. c3 0-0 7. b4 Bb6 8. Nc4 Ne7 9. Nxb6 axb6 10. Ba4 Ng6 11. Bc2 d5 12. Qe2 Re8 13. 0-0 dxe4 14. dxe4 Qe7 15. Ne1 Bg4 16. f3 Be6 17. a3 Nh5 18. g3 Bh3 19. Ng2 Nf6 20. Rd1 Red8 21. Bb2 h5 22. Bc1 Rxd1+ 23. Bxd1 Nh7 24. Be3 h4 25. a4 Bd7 26. Bb3 Ng5 27. Bxg5 Qxg5 28. Qe3 Qf6 29. Ra2 Be6 30. c4 Qe7 31. Qc3 hxg3 32. hxg3 Qg5 33. Kf2 Rd8 34. Qe3 Qh5 35. Rd2 Rxd2+ 36. Qxd2 Qh2 37. Qd8+ Kh7 38. Qd1 Bh3 39. Qg1 Qxg2+ 40. Qxg2 Bxg2 41. Kxg2 c5 42. bxc5 bxc5 43. a5 Ne7 44. Ba4 Nc8 45. Be8 Nd6 46. Bb5 Kg6 47. Kf2 Kf6 48. Ke3 g5 49. f4 gxf4+ 50. gxf4 Ke6 51. fxe5 Kxe5 52. Kd3 f6 53. Bd7 Kf4 54. Ba4 Nf7 55. Kc3 Ne5 56. Bc2 Nc6 57. Ba4 Nxa5 58. Kd3 Nc6 0-1

[Event "Hofheim Spring op 6th"]
[Site "Hofheim"]
[Date "2018.04.04"]
[Round "2"]
[White "Engel, Berthold"]
[Black "Mischuk, Dmitry"]
[Result "0-1"]
[WhiteElo "2139"]
[BlackElo "2371"]
[PlyCount "68"]
[EventDate "2018.04.03"]
[EventType "swiss"]
[EventRounds "9"]
[EventCountry "GER"]
[SourceTitle "CBM 183 Extra"]
[Source "ChessBase"]
[SourceDate "2018.04.19"]
[SourceVersion "1"]
[SourceVersionDate "2018.04.19"]
[SourceQuality "1"]

1. e4 e5 2. Nf3 Nc6 3. Bb5 a6 4. Bxc6 dxc6 5. d4 exd4 6. Qxd4 Qxd4 7. Nxd4 Bd7 8. Be3 0-0-0 9. Nd2 Ne7 10. 0-0 c5 11. N4f3 b6 12. Rfe1 f6 13. e5 Nd5 14. c3 f5 15. g3 h6 16. Nh4 g5 17. Ng6 Rg8 18. Nxf8 Rgxf8 19. Nf1 f4 20. Bd2 Be6 21. c4 Ne7 22. b3 Rd3 23. Rac1 Bh3 24. Rc2 h5 25. Bc1 h4 26. Rce2 Be6 27. Rd2 Rf3 28. Kg2 fxg3 29. hxg3 R3f7 30. Kh2 Nc6 31. Bb2 a5 32. Re3 a4 33. f3 hxg3+ 34. Kxg3 Rh7 0-1

[Event "Hofheim Spring op 6th"]
[Site "Hofheim"]
[Date "2018.04.04"]
[Round "3"]
[White "Jansen, Dirk Norbert"]
[Black "Engel, Berthold"]
[Result "1/2-1/2"]
[WhiteElo "2174"]
[BlackElo "2139"]
[PlyCount "91"]
[EventDate "2018.04.03"]
[EventType "swiss"]
[EventRounds "9"]
[EventCountry "GER"]
[SourceTitle "CBM 183 Extra"]
[Source "ChessBase"]
[SourceDate "2018.04.19"]
[SourceVersion "1"]
[SourceVersionDate "2018.04.19"]
[SourceQuality "1"]

1. c4 e5 2. g3 Nf6 3. Bg2 c6 4. d4 Bb4+ 5. Bd2 Bxd2+ 6. Qxd2 d6 7. Nc3 Qe7 8. Nf3 Bg4 9. dxe5 dxe5 10. Rd1 Nbd7 11. 0-0 0-0 12. Ne1 Rfe8 13. Nc2 Nf8 14. Ne3 Rad8 15. Qc2 Bc8 16. Qa4 a6 17. b4 Rd4 18. Qa5 Ng4 19. Nxg4 Bxg4 20. c5 Red8 21. f3 Bf5 22. Qa4 Qe6 23. e4 Qc4 24. Nb1 Be6 25. a3 R8d7 26. Rc1 Qb3 27. Qxb3 Bxb3 28. Rfe1 Rd8 29. Bh3 Be6 30. Bf1 f6 31. Nc3 Bb3 32. Rb1 Bf7 33. Red1 Ne6 34. Kf2 Kf8 35. Rxd4 Rxd4 36. Rd1 Ke7 37. Be2 Kd7 38. Rxd4+ Nxd4 39. Bd1 Bh5 40. g4 Bf7 41. Ke3 Bc4 42. f4 g5 43. f5 Kc7 44. Nb1 Kb8 45. Nd2 Bf7 46. Kd3 1/2-1/2

[Event "Schoeneck Schoebel Memorial 1st"]
[Site "Schoeneck"]
[Date "2017.12.29"]
[Round "4"]
[White "Engel, Berthold"]
[Black "Poetsch, Gero"]
[Result "1-0"]
[WhiteElo "2149"]
[BlackElo "1928"]
[PlyCount "85"]
[EventDate "2017.12.27"]
[EventType "swiss"]
[EventRounds "7"]
[EventCountry "GER"]
[SourceTitle "CBM 182 Extra"]
[Source "ChessBase"]
[SourceDate "2018.02.23"]
[SourceVersion "1"]
[SourceVersionDate "2018.02.23"]
[SourceQuality "1"]

1. e4 e6 2. Nf3 d5 3. Nc3 Nf6 4. Bd3 Be7 5. 0-0 c5 6. exd5 exd5 7. Bb5+ Nc6 8. Ne5 Qc7 9. Re1 d4 10. Nb1 Be6 11. Nxc6 bxc6 12. Be2 h5 13. d3 Ng4 14. g3 Nxf2 15. Kxf2 h4 16. Bf4 hxg3+ 17. hxg3 Qd7 18. Rh1 0-0-0 19. Bf3 g5 20. Bd2 Bd5 21. c4 dxc3 22. Nxc3 Rxh1 23. Qxh1 g4 24. Be4 Bf6 25. Be3 Rh8 26. Qg2 Be5 27. Rh1 Re8 28. Re1 Re6 29. Bxd5 Rf6+ 30. Kg1 cxd5 31. Qxd5 Qxd5 32. Nxd5 Rf3 33. Bxc5 Rxg3+ 34. Kf2 Rf3+ 35. Ke2 Bxb2 36. Bxa7 Rh3 37. Bg1 Rh5 38. Nb6+ Kd8 39. Nc4 Bg7 40. Rf1 f5 41. Nd6 f4 42. Rxf4 Be5 43. Nf7+ 1-0

[Event "Schoeneck Schoebel Memorial 1st"]
[Site "Schoeneck"]
[Date "2017.12.28"]
[Round "2"]
[White "Grzeschniok, Anton"]
[Black "Engel, Berthold"]
[Result "0-1"]
[WhiteElo "1876"]
[BlackElo "2149"]
[PlyCount "122"]
[EventDate "2017.12.27"]
[EventType "swiss"]
[EventRounds "7"]
[EventCountry "GER"]
[SourceTitle "CBM 182 Extra"]
[Source "ChessBase"]
[SourceDate "2018.02.23"]
[SourceVersion "1"]
[SourceVersionDate "2018.02.23"]
[SourceQuality "1"]

1. e4 Nc6 2. Nf3 d6 3. d4 Bg4 4. Be3 Nf6 5. Nbd2 e6 6. Be2 Be7 7. 0-0 0-0 8. Ng5 Bxe2 9. Qxe2 d5 10. exd5 Nxd5 11. Ngf3 Ncb4 12. c3 Nc2 13. Rad1 c6 14. Nc4 Ncxe3 15. Nxe3 Qb6 16. Nxd5 cxd5 17. Ne5 Rad8 18. Qc2 Qc7 19. Rfe1 g6 20. Re3 Bf6 21. Nd3 Bxd4 22. Re2 Bg7 23. Rde1 Qc4 24. Qb1 Rd6 25. Ne5 Qc7 26. Qc2 Rfd8 27. Qa4 a6 28. Qf4 Bxe5 29. Qxe5 Qc4 30. a3 d4 31. cxd4 Qxd4 32. Qxd4 Rxd4 33. f3 Kf8 34. Rc1 Rd1+ 35. Rxd1 Rxd1+ 36. Kf2 Ke7 37. Rc2 Kd6 38. Ke3 e5 39. g4 Re1+ 40. Kf2 Rh1 41. Ke3 f5 42. gxf5 gxf5 43. Rd2+ Ke6 44. f4 e4 45. Rc2 Re1+ 46. Kf2 Rb1 47. Ke3 h5 48. Rg2 Kf6 49. Rd2 Re1+ 50. Kf2 Rh1 51. Kg2 Rc1 52. Kh3 Rf1 53. Rd6+ Ke7 54. Rb6 e3 55. Rxb7+ Kd6 56. Rb6+ Kd5 57. Rxa6 e2 58. Ra5+ Kd4 59. Re5 e1Q 60. Rxe1 Rxe1 61. Kh4 Ke4 0-1

[Event "Verbandsliga Nordbaden 1718"]
[Site "Baden"]
[Date "2017.12.03"]
[Round "3.1"]
[White "Engel, Berthold"]
[Black "Libiszewski, Fabien"]
[Result "0-1"]
[WhiteElo "2149"]
[BlackElo "2540"]
[PlyCount "106"]
[EventDate "2017.10.08"]
[EventType "team-tourn"]
[EventRounds "9"]
[EventCountry "GER"]
[SourceTitle "EXT 2019"]
[Source "ChessBase"]
[SourceDate "2018.10.10"]
[SourceVersion "1"]
[SourceVersionDate "2018.10.10"]
[SourceQuality "1"]
[WhiteTeam "Buchen II"]
[BlackTeam "Viernheim II"]
[WhiteTeamCountry "GER"]
[BlackTeamCountry "GER"]

1. e4 g6 2. Nf3 d6 3. c3 Nf6 4. Qc2 c5 5. Bb5+ Nbd7 6. d3 Bg7 7. a4 0-0 8. 0-0 d5 9. Re1 a6 10. Bxd7 Qxd7 11. c4 d4 12. a5 Qc7 13. Nbd2 e5 14. Nf1 Bg4 15. Qe2 Nh5 16. h3 Bd7 17. Bd2 Bc6 18. b4 cxb4 19. Reb1 Rfe8 20. Rxb4 f5 21. Ne1 fxe4 22. dxe4 Nf4 23. Qf3 Rf8 24. Rab1 Nd5 25. exd5 Rxf3 26. Nxf3 Be8 27. Ng5 Rb8 28. Ne6 Qc8 29. Ng3 Bd7 30. Nxg7 Kxg7 31. Ne4 Qc7 32. g4 h6 33. f3 g5 34. Kf2 Be8 35. Ke2 Kh8 36. h4 Bg6 37. hxg5 Bxe4 38. fxe4 Qh7 39. Kd3 Rf8 40. Re1 Rf3+ 41. Kc2 hxg5 42. c5 Qh3 43. d6 Rc3+ 44. Kb2 Qd3 45. Bc1 Rc2+ 46. Ka1 Qc3+ 47. Kb1 Qxb4+ 48. Kxc2 Qxe1 49. Bxg5 Qxe4+ 50. Kb3 Qd3+ 51. Ka2 Qc2+ 52. Ka1 Qa4+ 53. Kb1 Qb5+ 0-1

[Event "Heusenstamm Sparkassen op-A 4th"]
[Site "Heusenstamm"]
[Date "2017.11.26"]
[Round "6"]
[White "Boe, Mads"]
[Black "Engel, Berthold"]
[Result "1/2-1/2"]
[WhiteElo "2297"]
[BlackElo "2125"]
[PlyCount "127"]
[EventDate "2017.11.23"]
[EventType "swiss"]
[EventRounds "7"]
[EventCountry "GER"]
[SourceTitle "EXT 2019"]
[Source "ChessBase"]
[SourceDate "2018.10.10"]
[SourceVersion "1"]
[SourceVersionDate "2018.10.10"]
[SourceQuality "1"]

1. e4 e6 2. d4 d5 3. e5 b6 4. Nf3 Qd7 5. Be3 Ne7 6. c3 Ba6 7. Bxa6 Nxa6 8. Qe2 Nb8 9. 0-0 Nbc6 10. Nbd2 Nf5 11. Rac1 0-0-0 12. b4 Kb7 13. Nb3 a6 14. a3 h6 15. Ne1 Na7 16. Nd3 Ra8 17. c4 dxc4 18. Rxc4 Be7 19. Rfc1 Rac8 20. Qb2 Ka8 21. Qc2 Kb8 22. Rd1 Nb5 23. Qb2 Qd5 24. Rc2 Rhd8 25. Nf4 Qxe5 26. Rcd2 Qe4 27. Rd3 Bf6 28. f3 Qb7 29. Bf2 Ne7 30. Nh5 Nd5 31. Ng3 Nf4 32. R3d2 Nd6 33. Qc2 Bg5 34. Rb1 Qd5 35. Ne4 Qc4 36. Qd1 Nb5 37. Rc1 Qd5 38. a4 Nd6 39. Nc3 Qb7 40. Rb1 Nd5 41. Nxd5 Qxd5 42. Rc2 Nc4 43. Rc3 Nd6 44. Qf1 Ka7 45. Rb2 Be7 46. Rbc2 Ne8 47. b5 a5 48. Rc4 Bd6 49. Be1 Qg5 50. Qe2 Nf6 51. Bxa5 bxa5 52. Nxa5 Nd5 53. Rc6 Nb6 54. Nb3 Qd5 55. Qd3 Qf5 56. Qc3 Kb7 57. Na5+ Kb8 58. Nb3 Qd5 59. Qa5 Bf4 60. Qa6 Be3+ 61. Kf1 Qxb3 62. Rxb6+ cxb6 63. Qxb6+ Ka8 64. Qa6+ 1/2-1/2

[Event "Wiesbaden op 29th"]
[Site "Wiesbaden"]
[Date "2017.08.27"]
[Round "7"]
[White "Engel, Berthold"]
[Black "Kiefer, Daniel"]
[Result "0-1"]
[WhiteElo "2177"]
[BlackElo "2219"]
[PlyCount "102"]
[EventDate "2017.08.24"]
[EventType "swiss"]
[EventRounds "7"]
[EventCountry "GER"]
[SourceTitle "CBM 180 Extra"]
[Source "ChessBase"]
[SourceDate "2017.10.06"]
[SourceVersion "1"]
[SourceVersionDate "2017.10.06"]
[SourceQuality "1"]

1. e4 c5 2. Nf3 Nc6 3. Bb5 e6 4. Bxc6 bxc6 5. d3 Ne7 6. 0-0 Ng6 7. e5 f6 8. Qe2 Be7 9. Na3 fxe5 10. Nxe5 Nxe5 11. Qxe5 0-0 12. Qe2 Qc7 13. Nc4 Ba6 14. f4 Bf6 15. Rb1 Rae8 16. Ne5 Bxe5 17. Qxe5 Qxe5 18. fxe5 Rxf1+ 19. Kxf1 Rf8+ 20. Kg1 Rf5 21. c4 Rxe5 22. Bf4 Re2 23. Bd6 Rd2 24. Bxc5 Rxd3 25. b3 Rd2 26. a4 Bb7 27. Rf1 d6 28. Bxa7 c5 29. Rf2 Rd1+ 30. Rf1 Rd2 31. Rf2 Rd1+ 32. Rf1 Rxf1+ 33. Kxf1 Kf7 34. Bb8 Ke7 35. g3 Be4 36. a5 Bc2 37. Ke2 Bxb3 38. Kd3 d5 39. cxd5 exd5 40. Ke3 Bc4 41. Kf4 Ke6 42. h4 d4 43. Ke4 Ba6 44. g4 Bb7+ 45. Kf4 Kd5 46. h5 c4 47. Kf5 c3 48. Be5 g6+ 49. hxg6 hxg6+ 50. Kf6 Kc4 51. Kxg6 d3 0-1

[Event "Rhein Main op-A 20th"]
[Site "Bad Homburg"]
[Date "2017.06.15"]
[Round "3"]
[White "Golubka, Petr"]
[Black "Engel, Berthold"]
[Result "1-0"]
[WhiteElo "2440"]
[BlackElo "2182"]
[PlyCount "65"]
[EventDate "2017.06.14"]
[EventType "swiss"]
[EventRounds "7"]
[EventCountry "GER"]
[SourceTitle "EXT 2018"]
[Source "ChessBase"]
[SourceDate "2017.10.13"]
[SourceVersion "1"]
[SourceVersionDate "2017.10.13"]
[SourceQuality "1"]

1. d4 e6 2. e4 d5 3. Bd3 Nf6 4. Bg5 Be7 5. e5 Ng8 6. h4 Bxg5 7. hxg5 Qxg5 8. Nf3 Qe7 9. Qd2 Nc6 10. Rxh7 Rxh7 11. Bxh7 Nh6 12. Nc3 Bd7 13. 0-0-0 0-0-0 14. Rh1 f5 15. Bg6 Be8 16. Bxe8 Rxe8 17. Ne2 Rh8 18. Nf4 Nf7 19. Rxh8+ Nxh8 20. Nh5 Kd7 21. c4 dxc4 22. d5 Nd8 23. dxe6+ Kc8 24. Qg5 Qxe6 25. Nxg7 Qg6 26. Nxf5 Qb6 27. Ne7+ Kd7 28. Nd5 Qe6 29. Nf4 Qe7 30. e6+ Nxe6 31. Ne5+ Ke8 32. Qg8+ Nf8 33. Qxh8 1-0